MARC

LEADER 00000n m0a2200000 4500
001 231984
005 20231101231130.0
035 |a (RuTPU)RU\TPU\book\253014 
090 |a 231984 
100 |a 20130207d1989 k y0rusy50 ca 
101 0 |a rus 
102 |a RU 
105 |a a z 001zy 
200 1 |a Кинематика мезозойской складчатости западной части Южного Верхоянья  |f А. В. Прокопьев  |g Академия наук СССР (АН СССР), Сибирское отделение (СО), Якутский институт геологических наук (ЯИГН) 
210 |a Якутск  |c Изд-во СО АН СССР  |d 1989 
215 |a 128 с.  |c ил. 
320 |a Библиогр.: с. 124-128. 
606 1 |a Мезозой  |2 stltpush  |3 (RuTPU)RU\TPU\subj\41967  |9 61730 
610 1 |a мезозойская складчатость 
610 1 |a кинематика 
610 1 |a Верхоянье 
610 1 |a тектоника 
610 1 |a Окраинный сегмент 
610 1 |a Кыллахско-Эбейке-Хаятинский сегмент 
610 1 |a Центральный сегмент 
610 1 |a Майский сегмент 
610 1 |a структура 
610 1 |a эволюция 
675 |a 551.76(571.56)  |v 3 
700 1 |a Прокопьев  |b А. В.  |g Андрей Владимирович 
712 0 2 |a Академия наук СССР (АН СССР)  |b Сибирское отделение (СО)  |b Якутский институт геологических наук (ЯИГН)  |c (Якутск)  |2 stltpush  |3 (RuTPU)RU\TPU\col\11774 
801 1 |a RU  |b 63413507  |c 20130207 
801 2 |a RU  |b 63413507  |c 20130315  |g RCR 
942 |c BK